书目信息 |
| 题名: |
计算机外部设备使用与维护
|
|
| 作者: | 陈殊 , 朱定善 主编 | |
| 分册: | ||
| 出版信息: | 北京 中国水利水电出版社 2009.06 |
|
| 页数: | 163页 | |
| 开本: | 26cm | |
| 丛书名: | ||
| 单 册: | ||
| 中图分类: | TP334 , TP334.07 | |
| 科图分类: | ||
| 主题词: | 电子计算机--外部设备--高等教育--教材 , 外部设备 , 电子计算机--外部设备--维修--高等教育--教材 , 电子计算机 | |
| 电子资源: | ||
| ISBN: | 978-7-5084-6577-7 | |
| 000 | 01058nam0 2200325 450 | |
| 001 | 004233600 | |
| 005 | 20090812152959.0 | |
| 010 | @a978-7-5084-6577-7@dCNY19.00 | |
| 090 | @aTP33@bzds | |
| 096 | @aTP33@bzds | |
| 100 | @a20090805d2009 em y0chiy50 ea | |
| 101 | 0 | @achi |
| 102 | @aCN@b110000 | |
| 105 | @aa z 000yy | |
| 200 | 1 | @a计算机外部设备使用与维护@b专著@f朱定善,陈殊主编@9ji suan ji wai bu she bei shi yong yu wei hu |
| 210 | @a北京@c中国水利水电出版社@d2009.06 | |
| 215 | @a163页@c图@d26cm | |
| 300 | @a21世纪高职高专创新精品规划教材 | |
| 330 | @a本书介绍了计算机系统外部设备的结构、基本工作原理、选购、安装、使用、维护与检修方面的基本知识和基本操作。 | |
| 606 | 0 | @a电子计算机@x外部设备@x高等教育@j教材 |
| 606 | 0 | @a外部设备 |
| 606 | 0 | @a电子计算机@x外部设备@x维修@x高等教育@j教材 |
| 606 | 0 | @a电子计算机 |
| 690 | @aTP334@v5 | |
| 690 | @aTP334.07@v4 | |
| 701 | 0 | @a陈殊@c(计算机)@4主编@9chen shu |
| 701 | 0 | @a朱定善@4主编@9zhu ding shan |
| 905 | @aBZT@dTP334@e2 | |
| 906 | @dCNY19.00@n0@r1 | |
| SYS | @004233600 | |
| 计算机外部设备使用与维护/朱定善,陈殊主编.-北京:中国水利水电出版社,2009.06 |
| 163页:图;26cm |
| 21世纪高职高专创新精品规划教材 |
| ISBN 978-7-5084-6577-7:CNY19.00 |
| 本书介绍了计算机系统外部设备的结构、基本工作原理、选购、安装、使用、维护与检修方面的基本知识和基本操作。 |
| ● |
| 相关链接 |
|
|
|
正题名:计算机外部设备使用与维护
索取号:TP334/2
 
预约/预借
| 序号 | 登录号 | 条形码 | 馆藏地/架位号 | 状态 | 备注 |
| 1 | 757811 | 2000757811 | 样本书库/样003架B面3层1列/ [索取号:TP334/2] | 在馆 | |
| 2 | 757812 | 2000757812 | 中心书库中库/ 中库027架A面4列1层21/ [索取号:TP334/2] | 在馆 | |
| 3 | 757813 | 2000757813 | 中心书库中库/ 中库027架A面4列1层22/ [索取号:TP334/2] | 在馆 | |
| 4 | 757814 | 2000757814 | 中心书库中库/ 中库027架A面4列1层20/ [索取号:TP334/2] | 在馆 | |
| 5 | 757815 | 2000757815 | 中心书库中库/ 中库027架A面4列1层19/ [索取号:TP334/2] | 在馆 | |
| 6 | 757816 | 2000757816 | 中心书库中库/ 中库027架A面4列1层23/ [索取号:TP334/2] | 在馆 |